Fizičeskije osnovy funkcionirovanija izdelij mikroelektroniki /

Gespeichert in:
Bibliographische Detailangaben
Hauptverfasser: Mitrofanov, Oleg Viktorovič (Verfasst von), Simonov, Boris Michajlovič (Verfasst von), Koledov, Leonid Aleksandrovič (Verfasst von)
Format: Buch
Veröffentlicht: Moskva : Vyšča škola, 1987
Tags: Tag hinzufügen
Keine Tags, Fügen Sie das erste Tag hinzu!

MARC

LEADER 00000nam a22000003a 4500
001 stu20172
005 20150617225753.4
008 ------s1987----xxr---------------------d
040 |a STU  |b slo 
041 0
044 |a xxr 
080 |a 621.38 
100 1 |a Mitrofanov, Oleg Viktorovič  |4 aut 
245 1 |a Fizičeskije osnovy funkcionirovanija izdelij mikroelektroniki /  |c [aut.]Mitrofanov,Oleg Viktorovič, Simonov,Boris Michajlovič, Koledov,Leonid Aleksandrovič 
260 |a Moskva :  |b Vyšča škola,  |c 1987 
300 |a 166 s :  |b Tab.,grafy,lit 
700 1 |a Simonov, Boris Michajlovič  |4 aut 
700 1 |a Koledov, Leonid Aleksandrovič  |4 aut 
996 |b C79565  |c C*79565  |l CCV  |s P  |a 0  |w stu20172_0001